000 00740nam a2200205Ia 4500
003 GCL
008 140319s9999 xx 000 0 ara d
040 _aGCL /
_cGCL
082 0 4 _aد
_b050
_bد هـ
245 1 0 _aالهلال اكتوبر 1999 : العواصم الثقافية فى 2000 عام
260 _aالقاهرة :
_bدار الهلال للطباعة والنشر ،
_c1999
650 0 4 _aالنزاع العربى الاسرائيلى
650 0 4 _aالزيدية
650 0 4 _aالثقافة العربية
650 0 4 _aالصهيونية
650 0 4 _aالاسكندرية
650 0 4 _aالتبادل الثقافى
650 0 4 _aالولايات المتحدة الامريكية - الثقافة
942 _2ddc
_cCR
999 _c6749
_d6749